Effect of sowing time and lentil varieties on incidence of insect pests and their predators / (Record no. 8672)

MARC details
000 -LEADER
fixed length control field 01068nam a22002657a 4500
001 - CONTROL NUMBER
control field BD-DhSAU 8672
003 - CONTROL NUMBER IDENTIFIER
control field BD-DhSAU
005 - DATE AND TIME OF LATEST TRANSACTION
control field 20181213124314.0
008 - FIXED-LENGTH DATA ELEMENTS--GENERAL INFORMATION
fixed length control field 150613b2009 bg a|||| m||| 00| 0 eng d
040 ## - CATALOGING SOURCE
Original cataloging agency BD-DhSAU
082 ## - DEWEY DECIMAL CLASSIFICATION NUMBER
Edition number 22
Classification number 595.7
Item number IS43
100 ## - MAIN ENTRY--PERSONAL NAME
Personal name Islam, Shahana
Relator term Registration # 08-03171
245 ## - TITLE STATEMENT
Title Effect of sowing time and lentil varieties on incidence of insect pests and their predators /
Remainder of title MS thesis
Statement of responsibility, etc. Shahana Islam
260 ## - PUBLICATION, DISTRIBUTION, ETC. (IMPRINT)
Place of publication, distribution, etc. Sher-e-Bangla Agricultural University :
Name of publisher, distributor, etc. Department of Entomology,
Date of publication, distribution, etc. 2009.
300 ## - PHYSICAL DESCRIPTION
Extent vii, 73 p. :
Other physical details ill. ;
Dimensions 29 cm.
500 ## - GENERAL NOTE
General note MS thesis of Department of Entomology, Faculty of Agriculture, Sher-e-Bangla Agricultural University, Dhaka, Bangladesh
504 ## - BIBLIOGRAPHY, ETC. NOTE
Bibliography, etc Includes bibliographical reference.
590 ## - Name of Cataloguer
Name of Cataloger Jerin
650 ## - SUBJECT ADDED ENTRY--TOPICAL TERM
Topical term or geographic name as entry element Entomology
650 ## - SUBJECT ADDED ENTRY--TOPICAL TERM
Topical term or geographic name as entry element insect pests
700 ## - ADDED ENTRY--PERSONAL NAME
Personal name Latif, Md. Abdul
Relator term Superviser
700 ## - ADDED ENTRY--PERSONAL NAME
Personal name Bhuiyan, Md. Serajul Islam
Relator term Co-superviser
856 ## - ELECTRONIC LOCATION AND ACCESS
Uniform Resource Identifier <a href="http://archive.saulibrary.edu.bd:8080/xmlui/handle/123456789/1238">http://archive.saulibrary.edu.bd:8080/xmlui/handle/123456789/1238</a>
942 ## - ADDED ENTRY ELEMENTS (KOHA)
Source of classification or shelving scheme Dewey Decimal Classification
Koha item type MS Level Thesis
Holdings
Withdrawn status Lost status Source of classification or shelving scheme Damaged status Not for loan Collection code Home library Branch Name Shelving location Date acquired Total Checkouts Full call number Barcode Date last seen Price effective from Koha item type
    Dewey Decimal Classification   Not For Loan Reference SAU Library SAU Library Reference 01/03/2015   595.7 IS43 38812 13/06/2015 13/06/2015 MS Level Thesis